000
00314nam a22001457a 4500
003
SGT
020
_a
9780199498741
082
_a
620,SUR
100
_a
SURASH KUMAR,G.K.
245
_a
BIOLOGY FOR ENGINEERS
250
_a
2ND
260
_a
INDIA
_b
OXFORD HIGHER EDUCATION
300
_a
2023
942
_2
ddc
_c
BK
_0
5
999
_c
25848
_d
25848